Global wine markets, 1860 to 2016 (Record no. 93868)
[ view plain ]
| 000 -LEADER | |
|---|---|
| fixed length control field | 02046nam a2200265Ii 4500 |
| 008 - FIXED-LENGTH DATA ELEMENTS--GENERAL INFORMATION | |
| fixed length control field | 221202s xx 000 0 und d |
| 100 1# - MAIN ENTRY--PERSONAL NAME | |
| Personal name | Anderson, Kym, |
| Relator term | author |
| 245 #0 - TITLE STATEMENT | |
| Title | Global wine markets, 1860 to 2016 |
| 246 ## - VARYING FORM OF TITLE | |
| Title proper/short title | a statistical compendium |
| 264 ## - PRODUCTION, PUBLICATION, DISTRIBUTION, MANUFACTURE, AND COPYRIGHT NOTICE | |
| Name of producer, publisher, distributor, manufacturer | University of Adelaide Press |
| Date of production, publication, distribution, manufacture, or copyright notice | 2017 |
| 300 ## - PHYSICAL DESCRIPTION | |
| Extent | 1 online resource |
| 336 ## - CONTENT TYPE | |
| Content type term | text |
| Content type code | txt |
| Source | rdacontent |
| 337 ## - MEDIA TYPE | |
| Media type term | computer |
| Media type code | c |
| Source | rdamedia |
| 338 ## - CARRIER TYPE | |
| Carrier type term | online resource |
| Carrier type code | cr |
| Source | rdacarrier |
| 520 ## - SUMMARY, ETC. | |
| Summary, etc. | Until recently, most grape-based wine was consumed close to where it was produced, and mostly that was in Europe. Now more than two-fifths of all wine consumed globally is produced in another country, including in the Southern Hemisphere, the USA and Asia. This latest edition of global wine statistics not only updates data to 2016 but also adds another century of data. The motivation to assemble those historical data was to enable comparisons between the current and the previous globalization waves. This unique database reveals that, even though Europe's vineyards were devastated by vine diseases and the pest phylloxera from the 1860s, most 'New World' countries remained net importers of wine until late in the nineteenth century. Some of the world's leading wine economists and historians have contributed to and drawn on this database to examine the development of national wine market developments before, during and in between the two waves of globalization. Their initial analyses cover all key wine-producing and -consuming countries using a common methodology to explain long-term trends and cycles in national wine production, consumption, and trade. |
| 653 ## - INDEX TERM--UNCONTROLLED | |
| Uncontrolled term | Domestic Sales |
| 653 ## - INDEX TERM--UNCONTROLLED | |
| Uncontrolled term | Global Wine Statistics |
| 653 ## - INDEX TERM--UNCONTROLLED | |
| Uncontrolled term | Kym Anderson |
| 653 ## - INDEX TERM--UNCONTROLLED | |
| Uncontrolled term | Signe Nelgen |
| 653 ## - INDEX TERM--UNCONTROLLED | |
| Uncontrolled term | Statistics |
| 700 1# - ADDED ENTRY--PERSONAL NAME | |
| Personal name | Nelgen, Signe |
| 700 1# - ADDED ENTRY--PERSONAL NAME | |
| Personal name | Pinilla, Vicente |
| 856 ## - ELECTRONIC LOCATION AND ACCESS | |
| Uniform Resource Identifier | <a href="https://docs.google.com/spreadsheets/d/1yKIrdCPDAG_9c22mwoOIO2DOhtj65Wqa/edit?usp=sharing&ouid=106555315294820607512&rtpof=true&sd=true ">https://docs.google.com/spreadsheets/d/1yKIrdCPDAG_9c22mwoOIO2DOhtj65Wqa/edit?usp=sharing&ouid=106555315294820607512&rtpof=true&sd=true </a> |
| Link text | List of Curated E-Books |
| 942 ## - ADDED ENTRY ELEMENTS (KOHA) | |
| Koha item type | E-Book |
No items available.